00838cam a2200241 a 450000100100000000500170001000800410002703500190006804000300008708200200011710000290013724500500016626000490021630000250026549000240029065000320031465000350034683000330038191000340041404900090044895201240045799900150058100001022620200929161914.0860508s1982 cr a 000 0 spa  a(DLC) 83169324 aDO-SdBNPcDLCdDLCdBNPHU aCa862.44bG166e1 aGallegos, Daniel.92522810aEn el séptimo círculo /cDaniel Gallegos. aSan José, Costa Rica :bCosta Rica,c1982. a234 :bil. ;c14 cm.1 aLibros de teatrov2 4aTeatro costarricense925229 4aLiteratura costarricense93332 0aLibros de teatro ;v2925230 aCatalogación por copia / LC aBNGR 001052708MOaGRbGRcCTd2009-10-05iLF1l0oCa862.44 G166ep10226-10r2020-06-25w2020-06-25y2ZPréstamo interno c9985d9985